方角を冠する駅名が3つ以上ある地名 - Statistics

General Stats
  • This quiz has been taken 99 times
  • The average score is 5 of 12
Answer Stats
地名 % Correct
浦和 東・西・南・北
99%
新宿 東・西・南
67%
船橋 東・西・南
67%
大宮 東・西・北
64%
仙台 東・南・北
58%
富山 東・西・南
38%
熊本 西・南・北
36%
松本 西・南・北
25%
岡崎 東・西・北
19%
大垣 東・西・北
9%
田辺 西・南・北
5%
天下茶屋 東・西・北
5%
No matching quizzes found
Score Distribution
Percent of People with Each Score
Percentile by Number Answered
Your Score History
You have not taken this quiz